00000000cam 2200000zi 4500
0019.957123
003CaOODSP
00520251212164136
006m     o  d f      
007cr cn|||||||||
008251105t20252025onca    ob   f000 0 fre d
020 |a9780660796260
040 |aCaOODSP|bfre|erda|cCaOODSP
043 |an-cn---
0861 |aNM95-57/11-1-2025F-PDF
24500|aFabrication de contenants de protection pour les livres et les objets de papier.
264 1|a[Ottawa] : |bInstitut canadien de conservation = Canadian Conservation Institute, |c[2025]
264 4|c©2025
300 |a1 ressource en ligne (12 pages) : |billustrations.
336 |atexte|btxt|2rdacontent/fre
337 |ainformatique|bc|2rdamedia/fre
338 |aressource en ligne|bcr|2rdacarrier/fre
4901 |aNotes de l'Institut canadien de conservation (ICC), |x1928-5272 ; |v11/1
500 |aTitre de départ.
500 |aPublié aussi en anglais sous le titre : Making enclosures for books and paper objects.
504 |aComprend des références bibliographiques (pages 10-12).
650 6|aLivres|xConservation et restauration|zCanada.
650 6|aPapier|xConservation|zCanada.
7102 |aInstitut canadien de conservation, |eorganisme de publication.
77508|tMaking enclosures for books and paper objects.|w(CaOODSP)9.957122
795 |tContenants de protection pour les livres et les oeuvres sur papier |w(CaOODSP)9.601011
830#0|aNotes de l'ICC ;|v11/1.|w(CaOODSP)9.502751
85640|qPDF|s323 Ko|uhttps://publications.gc.ca/collections/collection_2025/pch/NM95-57-11-1-2025-fra.pdf
8564 |qHTML|sS.O.|uhttps://www.canada.ca/fr/institut-conservation/services/publications-conservation-preservation/notes-institut-canadien-conservation/contenants-protection-livres-papier.html